000 00896nam a22001817a 4500
003 OSt
005 20251216140740.0
008 251216b |||||||| |||| 00| 0 eng d
040 _cDCL
082 _a၂၉၄.၃၈၂၄၇
100 0 _aနန္ဒမာလာဘိဝံသ၊
_cအရှင်။
245 1 0 _aပဋ္ဌာန်းမြတ်ဒေသနာ /
_cအရှင်နန္ဒမာလာဘိဝံသ။
260 _aရန်ကုန် ၊
_bအပြည်ပြည်ဆိုင်ရာထေရဝါဒ ဗုဒ္ဓသာသနာပြုတက္ကသိုလ်၊
_c၂၀၁၁။
300 _a၄၁၃ စာမျက်နှာ ၊
_c၂၃ စင်တီ။
504 _aကျမ်းကိုးစာရင်းပါဝင်သည်။
650 _aပဋ္ဌာန်း
942 _2ddc
_cSHORT TERM
_n0
999 _c2733
_d2733